La lexicografía: de la lingüística teórica a la lexicografía práctica

Збережено в:
Бібліографічні деталі
Автор: Haensch, Gunther
Формат: Книга
Мова:Undetermined
Опубліковано: Madrid, España Gredos 1982
Предмети:
Теги: Додати тег
Немає тегів, Будьте першим, хто поставить тег для цього запису!

MARC

LEADER 00000nam a2200000Ia 4500
008 170316s9999 xx 000 0 und d
090 |a 410 H-2L 
100 |a Haensch, Gunther 
245 |a La lexicografía: de la lingüística teórica a la lexicografía práctica 
260 |a Madrid, España 
260 |b Gredos 
260 |c 1982 
300 |a 563 páginas 
650 |a LINGÜÍSTICA 
999 |c 18459  |d 18459 
040 |a cru BVZT 
942 |c 15 D  |h 410 H-2L  |2 z